<?xml version="1.0" encoding="UTF-8"?>
<record
    xmlns:xsi="http://www.w3.org/2001/XMLSchema-instance"
    xsi:schemaLocation="http://www.loc.gov/MARC21/slim http://www.loc.gov/standards/marcxml/schema/MARC21slim.xsd"
    xmlns="http://www.loc.gov/MARC21/slim">

  <leader>00962nam a2200289 a 4500</leader>
  <controlfield tag="001">15888</controlfield>
  <controlfield tag="003">BD-RjUL</controlfield>
  <controlfield tag="005">20211208235914.0</controlfield>
  <controlfield tag="008">140211r19851984nyua     b    001 0 eng</controlfield>
  <datafield tag="020" ind1=" " ind2=" ">
    <subfield code="a">0070155550 :</subfield>
  </datafield>
  <datafield tag="035" ind1=" " ind2=" ">
    <subfield code="a">(BD-RjUL)15943</subfield>
  </datafield>
  <datafield tag="040" ind1=" " ind2=" ">
    <subfield code="a">DLC</subfield>
    <subfield code="c">DLC</subfield>
    <subfield code="d">DLC</subfield>
    <subfield code="d">BD-RjUL</subfield>
    <subfield code="b">eng</subfield>
  </datafield>
  <datafield tag="041" ind1=" " ind2=" ">
    <subfield code="a">eng</subfield>
  </datafield>
  <datafield tag="082" ind1="0" ind2="0">
    <subfield code="2">19</subfield>
    <subfield code="a">658.408</subfield>
    <subfield code="b">DAB 1985</subfield>
  </datafield>
  <datafield tag="100" ind1="1" ind2=" ">
    <subfield code="a">Davis, Keith,</subfield>
    <subfield code="d">1918-</subfield>
    <subfield code="9">47918</subfield>
  </datafield>
  <datafield tag="245" ind1="1" ind2="0">
    <subfield code="a">Business and society :</subfield>
    <subfield code="b">management, public policy, ethics /</subfield>
    <subfield code="c">Keith Davis, William C. Frederick.</subfield>
  </datafield>
  <datafield tag="250" ind1=" " ind2=" ">
    <subfield code="a">5th ed. , International student ed.</subfield>
  </datafield>
  <datafield tag="260" ind1=" " ind2=" ">
    <subfield code="a">Auckland;</subfield>
    <subfield code="a">New York :</subfield>
    <subfield code="b">McGraw-Hill,</subfield>
    <subfield code="c">c1984 [printing 1985]</subfield>
  </datafield>
  <datafield tag="300" ind1=" " ind2=" ">
    <subfield code="a">xx, 586 p. :</subfield>
    <subfield code="b">ill. ;</subfield>
    <subfield code="c">25 cm.</subfield>
  </datafield>
  <datafield tag="504" ind1=" " ind2=" ">
    <subfield code="a">Includes bibliographies and indexes.</subfield>
  </datafield>
  <datafield tag="650" ind1=" " ind2="0">
    <subfield code="a">Industries</subfield>
    <subfield code="x">Social aspects.</subfield>
    <subfield code="9">49264</subfield>
  </datafield>
  <datafield tag="700" ind1="1" ind2=" ">
    <subfield code="a">Frederick, William C.,</subfield>
    <subfield code="d">1925-</subfield>
    <subfield code="9">238556</subfield>
  </datafield>
  <datafield tag="942" ind1=" " ind2=" ">
    <subfield code="2">ddc</subfield>
    <subfield code="c">BK</subfield>
  </datafield>
  <datafield tag="999" ind1=" " ind2=" ">
    <subfield code="c">15888</subfield>
    <subfield code="d">15888</subfield>
  </datafield>
  <datafield tag="952" ind1=" " ind2=" ">
    <subfield code="0">0</subfield>
    <subfield code="1">0</subfield>
    <subfield code="2">ddc</subfield>
    <subfield code="4">0</subfield>
    <subfield code="7">0</subfield>
    <subfield code="8">NFIC</subfield>
    <subfield code="a">RUCL</subfield>
    <subfield code="b">RUCL</subfield>
    <subfield code="c">Stack</subfield>
    <subfield code="d">1985-09-08</subfield>
    <subfield code="e">Toppan</subfield>
    <subfield code="g">24.90</subfield>
    <subfield code="l">0</subfield>
    <subfield code="o">658.408 DAB 1984</subfield>
    <subfield code="r">2014-02-11 00:00:00</subfield>
    <subfield code="t">C-10</subfield>
    <subfield code="w">2014-02-11</subfield>
    <subfield code="y">BK</subfield>
  </datafield>
  <datafield tag="952" ind1=" " ind2=" ">
    <subfield code="0">0</subfield>
    <subfield code="1">0</subfield>
    <subfield code="2">ddc</subfield>
    <subfield code="4">0</subfield>
    <subfield code="7">1</subfield>
    <subfield code="8">NFIC</subfield>
    <subfield code="a">RUCL</subfield>
    <subfield code="b">RUCL</subfield>
    <subfield code="c">Reading</subfield>
    <subfield code="d">1986-04-29</subfield>
    <subfield code="e">Tuppan</subfield>
    <subfield code="g">9.45</subfield>
    <subfield code="l">0</subfield>
    <subfield code="o">658.408 DAB 1985</subfield>
    <subfield code="r">2017-01-04 00:00:00</subfield>
    <subfield code="t">C-1</subfield>
    <subfield code="w">2017-01-04</subfield>
    <subfield code="y">BK</subfield>
  </datafield>
  <datafield tag="952" ind1=" " ind2=" ">
    <subfield code="0">0</subfield>
    <subfield code="1">0</subfield>
    <subfield code="2">ddc</subfield>
    <subfield code="4">0</subfield>
    <subfield code="7">0</subfield>
    <subfield code="8">NFIC</subfield>
    <subfield code="a">RUCL</subfield>
    <subfield code="b">RUCL</subfield>
    <subfield code="c">Stack</subfield>
    <subfield code="d">1985-03-05</subfield>
    <subfield code="e">Tulip Interprise , Dhaka</subfield>
    <subfield code="g">24.90</subfield>
    <subfield code="l">0</subfield>
    <subfield code="o">658.408 DAB 1984</subfield>
    <subfield code="r">2019-07-28 00:00:00</subfield>
    <subfield code="t">C-2</subfield>
    <subfield code="w">2019-07-28</subfield>
    <subfield code="y">BK</subfield>
  </datafield>
  <datafield tag="952" ind1=" " ind2=" ">
    <subfield code="0">0</subfield>
    <subfield code="1">0</subfield>
    <subfield code="2">ddc</subfield>
    <subfield code="4">0</subfield>
    <subfield code="7">0</subfield>
    <subfield code="8">NFIC</subfield>
    <subfield code="a">RUCL</subfield>
    <subfield code="b">RUCL</subfield>
    <subfield code="c">Stack</subfield>
    <subfield code="d">1988-06-04</subfield>
    <subfield code="e">Manik brothers</subfield>
    <subfield code="g">32.95</subfield>
    <subfield code="l">0</subfield>
    <subfield code="o">658.408 DAB 1984</subfield>
    <subfield code="r">2019-08-27 00:00:00</subfield>
    <subfield code="t">C-3</subfield>
    <subfield code="w">2019-08-27</subfield>
    <subfield code="y">BK</subfield>
  </datafield>
  <datafield tag="952" ind1=" " ind2=" ">
    <subfield code="0">0</subfield>
    <subfield code="1">0</subfield>
    <subfield code="2">ddc</subfield>
    <subfield code="4">0</subfield>
    <subfield code="7">0</subfield>
    <subfield code="8">NFIC</subfield>
    <subfield code="a">RUCL</subfield>
    <subfield code="b">RUCL</subfield>
    <subfield code="c">Stack</subfield>
    <subfield code="d">1985-03-05</subfield>
    <subfield code="e">Tulip Interprise</subfield>
    <subfield code="g">24.90</subfield>
    <subfield code="l">0</subfield>
    <subfield code="o">658.408 DAB</subfield>
    <subfield code="r">2019-08-28 00:00:00</subfield>
    <subfield code="t">C-4</subfield>
    <subfield code="w">2021-12-08</subfield>
    <subfield code="y">BK</subfield>
  </datafield>
  <datafield tag="952" ind1=" " ind2=" ">
    <subfield code="0">0</subfield>
    <subfield code="1">0</subfield>
    <subfield code="2">ddc</subfield>
    <subfield code="4">0</subfield>
    <subfield code="7">0</subfield>
    <subfield code="8">NFIC</subfield>
    <subfield code="a">RUCL</subfield>
    <subfield code="b">RUCL</subfield>
    <subfield code="c">Stack</subfield>
    <subfield code="d">1986-04-29</subfield>
    <subfield code="e">Toppan co. </subfield>
    <subfield code="g">9.95</subfield>
    <subfield code="l">0</subfield>
    <subfield code="o">658.408 DAB 1985</subfield>
    <subfield code="r">2019-09-14 00:00:00</subfield>
    <subfield code="t">C-5</subfield>
    <subfield code="w">2019-09-14</subfield>
    <subfield code="y">BK</subfield>
  </datafield>
  <datafield tag="952" ind1=" " ind2=" ">
    <subfield code="0">0</subfield>
    <subfield code="1">0</subfield>
    <subfield code="2">ddc</subfield>
    <subfield code="4">0</subfield>
    <subfield code="7">0</subfield>
    <subfield code="8">NFIC</subfield>
    <subfield code="a">RUCL</subfield>
    <subfield code="b">RUCL</subfield>
    <subfield code="c">Stack</subfield>
    <subfield code="d">1988-06-04</subfield>
    <subfield code="e">Manik brothers</subfield>
    <subfield code="g">32.95</subfield>
    <subfield code="l">0</subfield>
    <subfield code="o">658.408 DAB 1984</subfield>
    <subfield code="r">2019-09-16 00:00:00</subfield>
    <subfield code="t">C-6</subfield>
    <subfield code="w">2019-09-16</subfield>
    <subfield code="y">BK</subfield>
  </datafield>
  <datafield tag="952" ind1=" " ind2=" ">
    <subfield code="0">0</subfield>
    <subfield code="1">0</subfield>
    <subfield code="2">ddc</subfield>
    <subfield code="4">0</subfield>
    <subfield code="7">0</subfield>
    <subfield code="8">NFIC</subfield>
    <subfield code="a">RUCL</subfield>
    <subfield code="b">RUCL</subfield>
    <subfield code="c">Stack</subfield>
    <subfield code="d">1985-09-08</subfield>
    <subfield code="e">Toppan</subfield>
    <subfield code="g">24.90</subfield>
    <subfield code="l">0</subfield>
    <subfield code="o">658.408 DAB 1984</subfield>
    <subfield code="r">2019-09-16 00:00:00</subfield>
    <subfield code="t">C-7</subfield>
    <subfield code="w">2019-09-16</subfield>
    <subfield code="y">BK</subfield>
  </datafield>
  <datafield tag="952" ind1=" " ind2=" ">
    <subfield code="0">0</subfield>
    <subfield code="1">0</subfield>
    <subfield code="2">ddc</subfield>
    <subfield code="4">0</subfield>
    <subfield code="7">0</subfield>
    <subfield code="8">NFIC</subfield>
    <subfield code="a">RUCL</subfield>
    <subfield code="b">RUCL</subfield>
    <subfield code="c">Stack</subfield>
    <subfield code="d">1988-10-03</subfield>
    <subfield code="e">I.D.A. Credit</subfield>
    <subfield code="g">32.95</subfield>
    <subfield code="l">0</subfield>
    <subfield code="o">658.408 DAB 1984</subfield>
    <subfield code="r">2019-09-16 00:00:00</subfield>
    <subfield code="t">C-8</subfield>
    <subfield code="w">2019-09-16</subfield>
    <subfield code="y">BK</subfield>
  </datafield>
  <datafield tag="952" ind1=" " ind2=" ">
    <subfield code="0">0</subfield>
    <subfield code="1">0</subfield>
    <subfield code="2">ddc</subfield>
    <subfield code="4">0</subfield>
    <subfield code="7">0</subfield>
    <subfield code="8">NFIC</subfield>
    <subfield code="a">RUCL</subfield>
    <subfield code="b">RUCL</subfield>
    <subfield code="c">Stack</subfield>
    <subfield code="d">1985-03-05</subfield>
    <subfield code="e">Tulip</subfield>
    <subfield code="g">24.90</subfield>
    <subfield code="l">0</subfield>
    <subfield code="o">658.408 DAB 1984</subfield>
    <subfield code="r">2019-09-16 00:00:00</subfield>
    <subfield code="t">C-9</subfield>
    <subfield code="w">2019-09-16</subfield>
    <subfield code="y">BK</subfield>
  </datafield>
</record>
